[Event "Moscow op-B"]
[Site "Moscow"]
[Date "2010.02.07"]
[Round "9.125"]
[White "Isaev, Rustam"]
[Black "Zhdanov, Petr"]
[Result "0-1"]
[WhiteElo "1856"]
[BlackElo "2012"]
[PlyCount "92"]
[EventDate "2010.01.30"]
[EventType "swiss"]
[EventRounds "9"]
[EventCountry "RUS"]
[SourceTitle "EXT 2023"]
[Source "ChessBase"]
[SourceDate "2022.10.05"]
[SourceVersion "1"]
[SourceVersionDate "2022.10.05"]
[SourceQuality "1"]

1. c4 c5 2. Nc3 Nf6 3. g3 Nc6 4. Bg2 g6 5. Nf3 e5 6. d3 Bg7 7. 0-0 0-0 8. a3 d6 9. Rb1 a5 10. b3 h6 11. Bb2 Be6 12. Nb5 Qd7 13. Nd2 Rad8 14. Qc2 Bh3 15. Ne4 Nxe4 16. dxe4 Bxg2 17. Kxg2 Nd4 18. Bxd4 exd4 19. Qd2 b6 20. b4 axb4 21. axb4 Qc6 22. f3 f5 23. exf5 Rxf5 24. Ra1 d5 25. Qd3 Kh8 26. Ra7 dxc4 27. Qxc4 Rc8 28. Rc1 d3 29. e4 Rff8 30. Qxd3 Rfd8 31. Qe2 Qf6 32. bxc5 bxc5 33. Rc7 Qb6 34. Rxc8 Rxc8 35. Qc4 Qa5 36. Rc2 Rb8 37. Nd6 Bd4 38. Qe6 Rg8 39. Qe7 Rg7 40. Qf8+ Kh7 41. Nf7 g5 42. Nd6 Qa1 43. Nf5 Qg1+ 44. Kh3 Qf1+ 45. Rg2 Qxf3 46. Qe8 g4+ 0-1